Cambio climático y economía: las políticas para reducir la emisión de gases de efecto invernadero no tienen por qué perjudicar a la economía /
Enregistré dans:
| Auteur principal: | |
|---|---|
| Format: | Texte |
| Tags: |
Ajouter un tag
Pas de tags, Soyez le premier à ajouter un tag!
|
MARC
| LEADER | 00000 a a2200000 04500 | ||
|---|---|---|---|
| 001 | 8109 | ||
| 003 | |||
| 040 | |||
| 100 | |a Tamirisa, Natalia | ||
| 245 | |a Cambio climático y economía: |b las políticas para reducir la emisión de gases de efecto invernadero no tienen por qué perjudicar a la economía / |c Natalia Tamirisa | ||
| 773 | |g volumen 45, número 1; páginas 18-22 | ||
| 999 | |c 31771 |d 31771 | ||
